| 000 | 00926cam a2200277 i 4500 | ||
|---|---|---|---|
| 001 | bg | ||
| 003 | KOSZ 005 | ||
| 005 | 20220406125106.0 | ||
| 008 | 030701s2003 pl a f f |001 0 pol | ||
| 015 | _aPB 2003/10733 | ||
| 020 | _a8373224858 | ||
| 040 |
_aWA N _cKOSZ 005/HR _dKOSZ 005/HR |
||
| 080 | _a574 | ||
| 080 | _a(075.8) | ||
| 100 | 1 |
_aBanaszak, Józef _d(1947- ) _eAutor |
|
| 245 | 1 | 0 |
_aPodstawy ekologii / _cJózef Banaszak, Henryk Wiśniewski. |
| 260 |
_aToruń : _bWydaw. Adam Marszałek, _ccop. 2003. |
||
| 300 |
_a587 s., [8] s. tabl. kolor. : _bil. ; _c24 cm. |
||
| 504 | _aBibliogr. Indeksy. | ||
| 655 | 4 | _aPodręczniki akademickie | |
| 650 | 4 | _aEkologia | |
| 710 | 2 |
_aWydawnictwo Adam Marszałek. _4pbl. |
|
| 700 | 1 |
_aWiśniewski, Henryk _eAutor |
|
| 856 |
_uhttp://koha.tu.koszalin.pl/cgi-bin/koha/opac-detail.pl?biblionumber=44796 _yKatalog online BPK |
||
| 942 |
_2UKD _cKS |
||
| 999 |
_c44796 _d44796 |
||